[Event "GER CupT"]
[Site "Augsburg"]
[Date "2025.06.15"]
[Round "2.1"]
[White "Vuckovic, Zarko"]
[Black "Dautov, Rustem"]
[Result "1/2-1/2"]
[WhiteElo "2384"]
[BlackElo "2553"]
[PlyCount "53"]
[EventDate "2025.06.14"]
[EventType "team-k.o."]
[EventRounds "5"]
[EventCountry "GER"]
[SourceTitle "CB25_2025"]
[SourceDate "2025.06.18"]
[SourceVersion "1"]
[SourceVersionDate "2025.06.18"]
[SourceQuality "1"]
[WhiteTeam "Augsburg"]
[BlackTeam "Deizisau"]
[WhiteTeamCountry "GER"]
[BlackTeamCountry "GER"]

1. e4 c6 2. Nf3 d5 3. d3 dxe4 4. dxe4 Qxd1+ 5. Kxd1 g6 6. c3 Nf6 7. Nfd2 Ng4 8. Ke2 Bh6 9. f3 Nf6 10. Na3 Nbd7 11. Nb3 Bxc1 12. Rxc1 a5 13. Ke3 a4 14. Nd4 e5 15. Ndc2 Nb6 16. Nc4 Nxc4+ 17. Bxc4 Nd7 18. Nb4 Nb6 19. Be2 Be6 20. c4 Ke7 21. Rc3 f6 22. Rhc1 Ra5 23. g3 Rd8 24. Ra3 Rda8 25. Rac3 Rd8 26. Ra3 Rda8 27. Rac3 1/2-1/2

[Event "Bundesliga 2425"]
[Site "Germany"]
[Date "2025.02.23"]
[Round "10.6"]
[White "Zwirs, Nico"]
[Black "Dautov, Rustem"]
[Result "1/2-1/2"]
[WhiteElo "2485"]
[BlackElo "2570"]
[PlyCount "198"]
[EventDate "2024.09.28"]
[EventType "team-tourn"]
[EventRounds "15"]
[EventCountry "GER"]
[SourceTitle "CB09_2025"]
[SourceDate "2025.02.27"]
[SourceVersion "1"]
[SourceVersionDate "2025.02.27"]
[SourceQuality "1"]
[WhiteTeam "Hamburger SK"]
[BlackTeam "Deizisau"]
[WhiteTeamCountry "GER"]
[BlackTeamCountry "GER"]

1. e4 c6 2. d4 d5 3. e5 Bf5 4. h4 h5 5. Bd3 Bxd3 6. Qxd3 Qa5+ 7. Nd2 e6 8. Ngf3 Nh6 9. 0-0 Nf5 10. Nb3 Qa6 11. Qc3 Nd7 12. Bg5 Qb6 13. Qd3 Qb5 14. Qd2 a5 15. c3 Be7 16. Bxe7 Kxe7 17. Nc1 g6 18. a4 Qb6 19. b4 Qc7 20. Nb3 axb4 21. cxb4 Kf8 22. a5 Kg7 23. Rfc1 Rhb8 24. Ra2 Qd8 25. g3 Rc8 26. Rac2 Qf8 27. Ne1 Qd8 28. Nf3 Qf8 29. Kg2 Kg8 30. Ng5 Rab8 31. Nf3 Kg7 32. Ng5 Kg8 33. Kh3 Kg7 34. Kh2 Kg8 35. Kh3 Kg7 36. Kh2 Kg8 37. Nf3 Kg7 38. Kh1 Kg8 39. Kh2 Kg7 40. Kh1 Kg8 41. Kg2 Kg7 42. Nc5 Nxc5 43. bxc5 Ra8 44. Rb1 Rc7 45. Rb6 Ra7 46. Ra2 Qd8 47. Qb4 Qc8 48. Qd2 Qd7 49. Qb4 Qc8 50. Ra4 Ra8 51. Qd2 Qd7 52. Ng5 Qe7 53. Ra1 Qd7 54. Ra4 Qe7 55. Ra1 Qd7 56. Nh3 Qe7 57. Nf4 Qd7 58. Ne2 Qe7 59. Ng1 Qd7 60. Nf3 Qe7 61. Ne1 Qd7 62. Nc2 Ne7 63. Ne3 Nc8 64. Rb3 Ne7 65. Rh1 Nf5 66. Nxf5+ exf5 67. Rhb1 Ra7 68. Rb6 Qe7 69. Ra1 Qd7 70. Ra3 Qe7 71. Qf4 Qe6 72. Qg5 Qe7 73. Qf4 Qe6 74. Qg5 Qe7 75. Qd2 Qd7 76. Rab3 Qe7 77. Rb1 Qd7 78. R1b2 Qe7 79. Ra2 Qd7 80. Qf4 Qe6 81. Rb3 Ra6 82. Qg5 Qe7 83. Qf4 Qe6 84. Kg1 Ra7 85. Rb6 Ra8 86. Ra4 Ra7 87. Kg2 Ra8 88. Qg5 f6 89. exf6+ Qxf6 90. Qf4 Qe7 91. Kh2 Rac8 92. a6 bxa6 93. Rbxa6 Qe4 94. Qd2 Rf7 95. Ra7 Rcf8 96. Ra1 Rxa7 97. Rxa7+ Rf7 98. Rxf7+ Kxf7 99. Qb2 Qe6 1/2-1/2

[Event "Bundesliga 2425"]
[Site "Germany"]
[Date "2025.01.12"]
[Round "6.7"]
[White "Dautov, Rustem"]
[Black "Anton Guijarro, David"]
[Result "1/2-1/2"]
[WhiteElo "2570"]
[BlackElo "2665"]
[PlyCount "60"]
[EventDate "2024.09.28"]
[EventType "team-tourn"]
[EventRounds "15"]
[EventCountry "GER"]
[SourceTitle "CB06_2025"]
[SourceDate "2025.02.05"]
[SourceVersion "1"]
[SourceVersionDate "2025.02.05"]
[SourceQuality "1"]
[WhiteTeam "Deizisau"]
[BlackTeam "Viernheim"]
[WhiteTeamCountry "GER"]
[BlackTeamCountry "GER"]

1. d4 Nf6 2. Nf3 d5 3. c4 e6 4. Nc3 Bb4 5. Bg5 dxc4 6. e4 c5 7. Bxc4 cxd4 8. Nxd4 Qa5 9. Bd2 Qc5 10. Bb5+ Bd7 11. Nb3 Qc7 12. 0-0 0-0 13. Rc1 Nc6 14. Qe2 Rfd8 15. Bg5 Be7 16. Be3 Rac8 17. f4 Be8 18. e5 Nd5 19. Nxd5 Rxd5 20. Bd3 Qb8 21. Be4 Rdd8 22. a3 b6 23. Qf3 Na5 24. Nxa5 bxa5 25. Qf2 Qb3 26. h3 f5 27. exf6 Bxf6 28. Rxc8 Rxc8 29. Bd4 Bxd4 30. Qxd4 Qb6 1/2-1/2

[Event "Bundesliga 2324"]
[Site "Germany"]
[Date "2024.02.25"]
[Round "11.3"]
[White "Dautov, Rustem"]
[Black "Vitiugov, Nikita"]
[Result "1/2-1/2"]
[WhiteElo "2584"]
[BlackElo "2711"]
[PlyCount "43"]
[EventDate "2023.10.21"]
[EventType "team-tourn"]
[EventRounds "15"]
[EventCountry "GER"]
[SourceTitle "CBM 218 Extra"]
[Source "ChessBase"]
[SourceDate "2024.03.31"]
[SourceVersion "1"]
[SourceVersionDate "2024.03.31"]
[SourceQuality "1"]
[WhiteTeam "Deizisau"]
[BlackTeam "Baden-Baden"]
[WhiteTeamCountry "GER"]
[BlackTeamCountry "GER"]

1. d4 Nf6 2. c4 e6 3. Nf3 d5 4. Nc3 Nbd7 5. cxd5 exd5 6. Bf4 Bb4 7. e3 Ne4 8. Qc2 g5 9. Be5 Nxe5 10. Nxe5 Qe7 11. Bb5+ Kf8 12. 0-0 Bxc3 13. bxc3 f6 14. Nf3 Kg7 15. Bd3 Bf5 16. c4 c6 17. Nd2 Nxd2 18. Qxd2 Bxd3 19. Qxd3 dxc4 20. Qxc4 Rhd8 21. Rfb1 Rd5 22. a4 1/2-1/2

[Event "Bundesliga 2324"]
[Site "Germany"]
[Date "2024.02.23"]
[Round "9.4"]
[White "Dautov, Rustem"]
[Black "Maghsoodloo, Parham"]
[Result "1-0"]
[WhiteElo "2584"]
[BlackElo "2707"]
[PlyCount "143"]
[EventDate "2023.10.21"]
[EventType "team-tourn"]
[EventRounds "15"]
[EventCountry "GER"]
[SourceTitle "CBM 218 Extra"]
[Source "ChessBase"]
[SourceDate "2024.03.31"]
[SourceVersion "1"]
[SourceVersionDate "2024.03.31"]
[SourceQuality "1"]
[WhiteTeam "Deizisau"]
[BlackTeam "Viernheim"]
[WhiteTeamCountry "GER"]
[BlackTeamCountry "GER"]

1. d4 Nf6 2. c4 g6 3. Nf3 Bg7 4. g3 c5 5. Bg2 cxd4 6. Nxd4 h5 7. Nc3 Nc6 8. b3 h4 9. Nxc6 bxc6 10. Bb2 Qa5 11. Qd2 Qf5 12. Qd3 Qxd3 13. exd3 h3 14. Bf3 Nh7 15. Rf1 Bb7 16. 0-0-0 0-0-0 17. Na4 Bxb2+ 18. Kxb2 e5 19. Bh1 d6 20. d4 Kc7 21. Rfe1 Bc8 22. c5 exd4 23. Re7+ Kb8 24. Bxc6 Ng5 25. Rxd4 dxc5 26. Rc4 Rd2+ 27. Ka3 Rxf2 28. Nxc5 a5 29. Ra4 Rf6 30. Bh1 Rf1 31. Bc6 Rf6 32. Bh1 Rf1 33. Bb7 Ne6 34. Rxa5 Nc7 35. Bxc8 Rxc8 36. Ra4 Rf5 37. Rb4+ Ka8 38. Ra4+ Kb8 39. Ra5 Rd8 40. Rd7 Re8 41. Rd4 Kc8 42. Rh4 Kd8 43. Rxh3 Ree5 44. Nb7+ Kd7 45. Rxe5 Rxe5 46. Ka4 Nd5 47. Rh7 Rf5 48. Nc5+ Kd6 49. Ne4+ Ke5 50. Nc5 Kd6 51. Nd3 Nc3+ 52. Ka3 Rf3 53. Rh8 Kc7 54. Ne5 Rf2 55. b4 Kd6 56. Nd3 Rd2 57. Nb2 Rf2 58. Kb3 Ne4 59. Nc4+ Kc6 60. a3 g5 61. Re8 f5 62. Re5 g4 63. b5+ Kd7 64. Kb4 Rxh2 65. Rxf5 Rh1 66. Rf4 Rb1+ 67. Ka5 Nxg3 68. Rxg4 Nf5 69. a4 Ne7 70. Ka6 Kc7 71. Nb6 Kb8 72. Rd4 1-0

[Event "Bundesliga 2324"]
[Site "Germany"]
[Date "2024.01.14"]
[Round "6.5"]
[White "Kraus, Tomas"]
[Black "Dautov, Rustem"]
[Result "1/2-1/2"]
[WhiteElo "2491"]
[BlackElo "2584"]
[PlyCount "63"]
[EventDate "2023.10.21"]
[EventType "team-tourn"]
[EventRounds "15"]
[EventCountry "GER"]
[SourceTitle "CBM 218 Extra"]
[Source "ChessBase"]
[SourceDate "2024.03.31"]
[SourceVersion "1"]
[SourceVersionDate "2024.03.31"]
[SourceQuality "1"]
[WhiteTeam "Heimbach Weis Neuwied"]
[BlackTeam "Deizisau"]
[WhiteTeamCountry "GER"]
[BlackTeamCountry "GER"]

1. e4 c6 2. d4 d5 3. exd5 cxd5 4. c4 Nf6 5. Nc3 e6 6. Nf3 Be7 7. cxd5 exd5 8. Bd3 0-0 9. Ne5 Nc6 10. Nxc6 bxc6 11. 0-0 h6 12. Bf4 Bd6 13. Bg3 Bxg3 14. hxg3 Qa5 15. a3 c5 16. dxc5 Qxc5 17. Rc1 a5 18. Qd2 Bd7 19. Ne4 Qb6 20. Nxf6+ Qxf6 21. Rc5 Be6 22. Rb1 a4 23. Qf4 Qxf4 24. gxf4 g6 25. Rd1 Rfb8 26. Rd2 Rb3 27. Rb5 Rxb5 28. Bxb5 Ra5 29. Bc6 Ra6 30. Bb5 Ra5 31. Bc6 Ra6 32. Bb5 1/2-1/2

[Event "Bundesliga 2324"]
[Site "Germany"]
[Date "2024.01.13"]
[Round "5.5"]
[White "Dautov, Rustem"]
[Black "Jaracz, Pawel"]
[Result "1-0"]
[WhiteElo "2584"]
[BlackElo "2472"]
[PlyCount "91"]
[EventDate "2023.10.21"]
[EventType "team-tourn"]
[EventRounds "15"]
[EventCountry "GER"]
[SourceTitle "CBM 218 Extra"]
[Source "ChessBase"]
[SourceDate "2024.03.31"]
[SourceVersion "1"]
[SourceVersionDate "2024.03.31"]
[SourceQuality "1"]
[WhiteTeam "Deizisau"]
[BlackTeam "Remagen Sinzig"]
[WhiteTeamCountry "GER"]
[BlackTeamCountry "GER"]

1. d4 Nf6 2. c4 e6 3. Nf3 b6 4. g3 Ba6 5. b3 Bb4+ 6. Bd2 Be7 7. Bg2 d5 8. cxd5 exd5 9. 0-0 0-0 10. Nc3 Re8 11. Qc2 Nbd7 12. Ne5 Bb7 13. Rfd1 Nf8 14. Bc1 Ne6 15. Bb2 Bd6 16. e3 a6 17. Rac1 c5 18. Nc4 cxd4 19. Nxd6 Qxd6 20. exd4 g6 21. Qd3 Bc6 22. Re1 b5 23. Nb1 b4 24. Nd2 Bb5 25. Qc2 Ra7 26. Qd1 Rae7 27. Re3 Nf8 28. Re5 N8d7 29. Nf3 Ne4 30. Rxe7 Qxe7 31. Ne5 f6 32. Nd3 Nf8 33. Nf4 Qd6 34. Qc2 g5 35. Nh5 Nd7 36. f3 Nd2 37. Rd1 Re2 38. Rxd2 Re1+ 39. Kf2 Qe6 40. g4 f5 41. gxf5 Qe3+ 42. Kg3 Kf7 43. Rf2 Bd3 44. Qd2 Bxf5 45. Qxe3 Rxe3 46. Bh3 1-0

[Event "Bundesliga 2324"]
[Site "Germany"]
[Date "2023.12.03"]
[Round "4.5"]
[White "Dautov, Rustem"]
[Black "Engel, Luis"]
[Result "1/2-1/2"]
[WhiteElo "2584"]
[BlackElo "2547"]
[PlyCount "67"]
[EventDate "2023.10.21"]
[EventType "team-tourn"]
[EventRounds "15"]
[EventCountry "GER"]
[SourceTitle "CBM 217 Extra"]
[Source "ChessBase"]
[SourceDate "2024.01.31"]
[SourceVersion "1"]
[SourceVersionDate "2024.01.31"]
[SourceQuality "1"]
[WhiteTeam "Deizisau"]
[BlackTeam "Hamburger SK"]
[WhiteTeamCountry "GER"]
[BlackTeamCountry "GER"]

1. d4 Nf6 2. c4 e6 3. Nf3 d5 4. Nc3 Bb4 5. Bg5 h6 6. Bxf6 Qxf6 7. Qa4+ Nc6 8. e3 0-0 9. Be2 dxc4 10. 0-0 Bd7 11. Bxc4 Bxc3 12. bxc3 Rfd8 13. Be2 Be8 14. Qa3 Qe7 15. Qb2 b6 16. c4 Qb4 17. Qc1 Rac8 18. Rb1 Qa4 19. c5 bxc5 20. Qxc5 Qxa2 21. Bc4 Qa5 22. Rb5 Qc3 23. Be2 Qxc5 24. Rxc5 Rd5 25. Rc3 a5 26. Ra1 Ra8 27. Bc4 Rd6 28. Bb5 Rb8 29. Bf1 Kf8 30. h4 Ke7 31. Rca3 Rd5 32. Bc4 Rdd8 33. Bb3 Ra8 34. Ba4 1/2-1/2

[Event "Bundesliga 2223"]
[Site "Germany"]
[Date "2023.04.02"]
[Round "13.6"]
[White "Dautov, Rustem"]
[Black "Wegerle, Joerg"]
[Result "1-0"]
[WhiteElo "2592"]
[BlackElo "2411"]
[PlyCount "103"]
[EventDate "2022.10.21"]
[EventType "team-tourn"]
[EventRounds "15"]
[EventCountry "GER"]
[SourceTitle "CBM 213 Extra"]
[Source "ChessBase"]
[SourceDate "2023.05.31"]
[SourceVersion "1"]
[SourceVersionDate "2023.05.31"]
[SourceQuality "1"]
[WhiteTeam "Deizisau"]
[BlackTeam "Solingen"]
[WhiteTeamCountry "GER"]
[BlackTeamCountry "GER"]

1. d4 d5 2. c4 e6 3. Nf3 Nf6 4. Nc3 Bb4 5. e3 0-0 6. Bd2 b6 7. Bd3 dxc4 8. Bxc4 Bb7 9. 0-0 Nbd7 10. Qe2 Qe7 11. a3 Bxc3 12. Bxc3 Ne4 13. Rac1 c5 14. Ba6 Bd5 15. Rfd1 Rfd8 16. Be1 Nd6 17. Bc3 Ne4 18. Bc4 Bb7 19. Be1 Rac8 20. Ba6 Bxa6 21. Qxa6 Nb8 22. Qb5 Qd7 23. Qb3 Qd5 24. Qxd5 Rxd5 25. dxc5 Rxd1 26. Rxd1 Nxc5 27. Rc1 Rc7 28. Kf1 Nba6 29. Nd4 Nd3 30. Rxc7 Nxc7 31. Bc3 f6 32. Ke2 Nc5 33. Nc6 a5 34. Bd4 Nd7 35. Ne7+ Kf7 36. Nc8 b5 37. Bc3 a4 38. Nd6+ Ke7 39. Bb4 Nd5 40. Nxb5+ Nxb4 41. axb4 Nb6 42. Kd3 e5 43. e4 Kd7 44. Na3 Kc6 45. Nc4 Nc8 46. b3 axb3 47. Kc3 Na7 48. Kxb3 Nb5 49. f3 Nd4+ 50. Ka4 h5 51. Ka5 h4 52. h3 1-0

[Event "Bundesliga 2223"]
[Site "Germany"]
[Date "2023.02.04"]
[Round "5.1"]
[White "Dautov, Rustem"]
[Black "Kasimdzhanov, Rustam"]
[Result "1/2-1/2"]
[WhiteElo "2592"]
[BlackElo "2670"]
[PlyCount "64"]
[EventDate "2022.10.21"]
[EventType "team-tourn"]
[EventRounds "15"]
[EventCountry "GER"]
[SourceTitle "CBM 212 Extra"]
[Source "ChessBase"]
[SourceDate "2023.03.31"]
[SourceVersion "1"]
[SourceVersionDate "2023.03.31"]
[SourceQuality "1"]
[WhiteTeam "Deizisau"]
[BlackTeam "Baden-Baden"]
[WhiteTeamCountry "GER"]
[BlackTeamCountry "GER"]

1. d4 Nf6 2. c4 e6 3. Nf3 Bb4+ 4. Bd2 Bxd2+ 5. Qxd2 0-0 6. Nc3 d5 7. e3 Qe7 8. Rc1 Nbd7 9. Qc2 a6 10. a3 dxc4 11. Bxc4 b5 12. Be2 c5 13. dxc5 Qxc5 14. b4 Qe7 15. Ne4 Bb7 16. Nxf6+ Qxf6 17. 0-0 Rac8 18. Qd2 Nb6 19. Qd4 Qxd4 20. Nxd4 Bd5 21. Bf3 Bxf3 22. gxf3 Nc4 23. Rc3 e5 24. Nf5 Rcd8 25. e4 g6 26. Ne7+ Kh8 27. Nd5 f5 28. Rd3 g5 29. h3 h5 30. Kg2 Rd7 31. Re1 Rdf7 32. Re2 Kh7 1/2-1/2

[Event "Bundesliga 2223"]
[Site "Germany"]
[Date "2022.10.21"]
[Round "7.7"]
[White "Dautov, Rustem"]
[Black "Meister, Peter"]
[Result "1-0"]
[WhiteElo "2592"]
[BlackElo "2348"]
[PlyCount "101"]
[EventDate "2022.10.21"]
[EventType "team-tourn"]
[EventRounds "15"]
[EventCountry "GER"]
[SourceTitle "CBM 211"]
[Source "ChessBase"]
[SourceDate "2022.12.31"]
[SourceVersion "1"]
[SourceVersionDate "2022.12.31"]
[SourceQuality "1"]
[WhiteTeam "Deizisau"]
[BlackTeam "Bayern Muenchen"]
[WhiteTeamCountry "GER"]
[BlackTeamCountry "GER"]

1. d4 d5 2. c4 dxc4 3. Nf3 a6 4. e3 Bg4 5. Bxc4 e6 6. Nc3 Nc6 7. h3 Bh5 8. 0-0 Nf6 9. Be2 Bd6 10. b3 0-0 11. Bb2 Qe7 12. Ne5 Bxe2 13. Nxc6 Bxd1 14. Nxe7+ Bxe7 15. Rfxd1 Rfd8 16. Rac1 Rac8 17. Na4 Nd7 18. d5 exd5 19. Rxd5 Nf6 20. Rd4 Rxd4 21. Bxd4 Nd7 22. Nb6 Nxb6 23. Bxb6 Bd6 24. Kf1 Kf8 25. Ke2 Ke7 26. g4 Kd7 27. Bd4 g6 28. Bc5 b6 29. Bxd6 Kxd6 30. Rc4 f6 31. Rf4 Ke6 32. Re4+ Kd6 33. f4 c5 34. f5 gxf5 35. gxf5 Rc6 36. Re8 b5 37. Kd3 c4+ 38. bxc4 bxc4+ 39. Kc3 Kd5 40. e4+ Kc5 41. e5 Kd5 42. e6 Ke5 43. Rd8 Rc7 44. Rd7 Rc8 45. e7 Re8 46. Kxc4 Rc8+ 47. Kb4 a5+ 48. Kb5 Re8 49. Kc6 Kxf5 50. Kd6 Kg6 51. Ke6 1-0

[Event "GER CupT"]
[Site "Baden-Baden"]
[Date "2022.07.16"]
[Round "1.1"]
[White "Dautov, Rustem"]
[Black "Movsesian, Sergei"]
[Result "1/2-1/2"]
[WhiteElo "2591"]
[BlackElo "2618"]
[PlyCount "34"]
[EventDate "2022.07.16"]
[EventType "team-k.o."]
[EventRounds "2"]
[EventCountry "GER"]
[SourceTitle "CBM 209 Extra"]
[Source "ChessBase"]
[SourceDate "2022.09.30"]
[SourceVersion "1"]
[SourceVersionDate "2022.09.30"]
[SourceQuality "1"]
[WhiteTeam "Deizisau"]
[BlackTeam "Baden-Baden"]
[WhiteTeamCountry "GER"]
[BlackTeamCountry "GER"]

1. d4 Nf6 2. c4 e6 3. Nf3 d5 4. Nc3 Bb4 5. Bg5 h6 6. Bxf6 Qxf6 7. Qa4+ Nc6 8. e3 0-0 9. Be2 dxc4 10. 0-0 Bd7 11. Bxc4 Bxc3 12. bxc3 Rfd8 13. Be2 Be8 14. Qa3 Qe7 15. Qb2 b6 16. c4 Na5 17. e4 Qf6 1/2-1/2

[Event "Bundesliga 2122"]
[Site "Germany"]
[Date "2022.05.15"]
[Round "8.7"]
[White "Dautov, Rustem"]
[Black "Loxine, Jakov"]
[Result "1-0"]
[WhiteElo "2596"]
[BlackElo "2390"]
[PlyCount "107"]
[EventDate "2022.03.05"]
[EventType "team-tourn"]
[EventRounds "15"]
[EventCountry "GER"]
[SourceTitle "EXT 2023"]
[Source "ChessBase"]
[SourceDate "2022.10.05"]
[SourceVersion "1"]
[SourceVersionDate "2022.10.05"]
[SourceQuality "1"]
[WhiteTeam "Deizisau"]
[BlackTeam "Dresden TU"]
[WhiteTeamCountry "GER"]
[BlackTeamCountry "GER"]

1. d4 Nf6 2. Nf3 g6 3. c4 Bg7 4. g3 0-0 5. Bg2 d6 6. Nc3 Nbd7 7. 0-0 e5 8. h3 Re8 9. e4 exd4 10. Nxd4 Nc5 11. Re1 Bd7 12. Rb1 a5 13. Bf4 h6 14. Kh2 a4 15. b4 axb3 16. axb3 h5 17. Qd2 Nh7 18. Be3 h4 19. g4 g5 20. b4 Ne6 21. Nd5 Be5+ 22. Kg1 c6 23. Nb6 Nxd4 24. Bxd4 Ra2 25. Qxa2 Bxd4 26. Nxd7 Qxd7 27. Rbd1 Be5 28. c5 Qe7 29. cxd6 Bxd6 30. e5 Bxb4 31. Re4 Nf8 32. Qb1 Bc5 33. Ree1 Ne6 34. Qf5 Ng7 35. Qe4 Ne6 36. Bf1 Nf4 37. Bd3 Nxd3 38. Rxd3 Qe6 39. Kg2 Be7 40. Qf5 b5 41. Rd7 c5 42. Ra1 b4 43. Raa7 Qxf5 44. gxf5 Bf8 45. e6 fxe6 46. f6 Rb8 47. Kf3 c4 48. Kg4 c3 49. Kh5 b3 50. Kg6 b2 51. Rab7 b1Q+ 52. Rxb1 Rxb1 53. f7+ Kh8 54. Rd8 1-0

[Event "Bundesliga 2122"]
[Site "Germany"]
[Date "2022.05.01"]
[Round "6.5"]
[White "Hess, Max"]
[Black "Dautov, Rustem"]
[Result "1/2-1/2"]
[WhiteElo "2392"]
[BlackElo "2596"]
[PlyCount "65"]
[EventDate "2022.03.05"]
[EventType "team-tourn"]
[EventRounds "15"]
[EventCountry "GER"]
[SourceTitle "EXT 2023"]
[Source "ChessBase"]
[SourceDate "2022.10.05"]
[SourceVersion "1"]
[SourceVersionDate "2022.10.05"]
[SourceQuality "1"]
[WhiteTeam "Berlin SF"]
[BlackTeam "Deizisau"]
[WhiteTeamCountry "GER"]
[BlackTeamCountry "GER"]

1. e4 c6 2. d4 d5 3. Nd2 dxe4 4. Nxe4 Bf5 5. Ng3 Bg6 6. h4 h6 7. Nf3 Nd7 8. Bd3 Bxd3 9. Qxd3 e6 10. Bf4 Qa5+ 11. Bd2 Qc7 12. 0-0-0 0-0-0 13. Qe2 Bd6 14. Ne4 Bf4 15. g3 Bxd2+ 16. Nexd2 Ne7 17. Ne5 Rhf8 18. Rhe1 Nf5 19. Nb3 Nxe5 20. dxe5 Rxd1+ 21. Rxd1 Rd8 22. h5 Rd5 23. Rxd5 cxd5 24. g4 Ne7 25. Nd4 Nc6 26. Nxc6 Qxc6 27. Qe3 Qc4 28. b3 Qxg4 29. Qc5+ Kd7 30. Qd6+ Kc8 31. Qf8+ Kc7 32. Qd6+ Kc8 33. Qf8+ 1/2-1/2

[Event "Bundesliga 2122"]
[Site "Germany"]
[Date "2022.04.09"]
[Round "3.4"]
[White "Harff, Marcel"]
[Black "Dautov, Rustem"]
[Result "1/2-1/2"]
[WhiteElo "2359"]
[BlackElo "2596"]
[PlyCount "53"]
[EventDate "2022.03.05"]
[EventType "team-tourn"]
[EventRounds "15"]
[EventCountry "GER"]
[SourceTitle "EXT 2023"]
[Source "ChessBase"]
[SourceDate "2022.10.05"]
[SourceVersion "1"]
[SourceVersionDate "2022.10.05"]
[SourceQuality "1"]
[WhiteTeam "Duesseldorf"]
[BlackTeam "Deizisau"]
[WhiteTeamCountry "GER"]
[BlackTeamCountry "GER"]

1. Nf3 Nf6 2. c4 e6 3. b3 d5 4. Bb2 c5 5. e3 Nc6 6. cxd5 exd5 7. Nc3 Bd6 8. Be2 0-0 9. d4 Bg4 10. dxc5 Bxc5 11. 0-0 a6 12. Rc1 Ba7 13. h3 Be6 14. Na4 Ne4 15. Nd4 Qd6 16. Nxc6 bxc6 17. Bd3 f5 18. Qc2 Bd7 19. Bd4 Bxd4 20. exd4 Rae8 21. Nc5 Nxc5 22. Qxc5 Qh6 23. Qa7 Rf7 24. f4 g5 25. Rce1 Rxe1 26. Rxe1 gxf4 27. Qb8+ 1/2-1/2

[Event "Bundesliga 2122"]
[Site "Germany"]
[Date "2022.03.06"]
[Round "2.7"]
[White "Grigorian, Spartak"]
[Black "Dautov, Rustem"]
[Result "0-1"]
[WhiteElo "2472"]
[BlackElo "2596"]
[PlyCount "50"]
[EventDate "2022.03.05"]
[EventType "team-tourn"]
[EventRounds "15"]
[EventCountry "GER"]
[SourceTitle "EXT 2023"]
[Source "ChessBase"]
[SourceDate "2022.10.05"]
[SourceVersion "1"]
[SourceVersionDate "2022.10.05"]
[SourceQuality "1"]
[WhiteTeam "Werder Bremen"]
[BlackTeam "Deizisau"]
[WhiteTeamCountry "GER"]
[BlackTeamCountry "GER"]

1. c4 e6 2. Nc3 d5 3. d4 a6 4. cxd5 exd5 5. Bf4 Nf6 6. e3 Bd6 7. Qf3 Be6 8. Bd3 0-0 9. Nge2 Bg4 10. Qg3 Bxe2 11. Nxe2 Bxf4 12. Nxf4 c5 13. dxc5 Qa5+ 14. Ke2 Nbd7 15. Rhb1 Qxc5 16. Rc1 Qb6 17. Rc2 Rac8 18. Rac1 Rxc2+ 19. Rxc2 Nc5 20. Qg5 Nxd3 21. Nxd3 Re8 22. Rc5 Qe6 23. Nf4 Qd6 24. Nh5 Nxh5 25. Rxd5 Qxd5 0-1

[Event "Bundesliga 1920"]
[Site "Germany"]
[Date "2021.10.14"]
[Round "9.39"]
[White "Dautov, Rustem"]
[Black "Begnis, Nikolaos"]
[Result "1-0"]
[WhiteElo "2595"]
[BlackElo "2279"]
[PlyCount "61"]
[EventDate "2019.11.23"]
[EventType "team-tourn"]
[EventRounds "15"]
[EventCountry "GER"]
[SourceTitle "EXT 2022"]
[Source "ChessBase"]
[SourceDate "2021.10.06"]
[SourceVersion "1"]
[SourceVersionDate "2021.10.06"]
[SourceQuality "1"]
[WhiteTeam "Deizisau"]
[BlackTeam "Aachen"]
[WhiteTeamCountry "GER"]
[BlackTeamCountry "GER"]

1. d4 Nf6 2. c4 g6 3. g3 Bg7 4. Bg2 0-0 5. Nc3 d6 6. Nf3 c5 7. d5 e6 8. 0-0 exd5 9. cxd5 Re8 10. h3 a6 11. a4 Nbd7 12. Bf4 Qc7 13. Rc1 Ne4 14. Nxe4 Rxe4 15. Nd2 Rd4 16. Qb3 b5 17. axb5 axb5 18. Qxb5 Nf6 19. Qc6 Qxc6 20. dxc6 Be6 21. Nf3 Rxf4 22. gxf4 Rc8 23. Nd2 Nd5 24. Nc4 Nxf4 25. Nxd6 Nxe2+ 26. Kh1 Rd8 27. Nb7 Rd2 28. Rcd1 Rxb2 29. Rd8+ Bf8 30. Nxc5 Nf4 31. c7 1-0

[Event "Bundesliga 1718"]
[Site "Germany"]
[Date "2017.12.09"]
[Round "5.7"]
[White "Van Osch, Mees"]
[Black "Dautov, Rustem"]
[Result "1/2-1/2"]
[WhiteElo "2302"]
[BlackElo "2596"]
[PlyCount "86"]
[EventDate "2017.10.21"]
[EventType "team-tourn"]
[EventRounds "15"]
[EventCountry "GER"]
[SourceTitle "CBM 182"]
[Source "ChessBase"]
[SourceDate "2018.01.17"]
[SourceVersion "1"]
[SourceVersionDate "2018.01.17"]
[SourceQuality "1"]
[WhiteTeam "Muelheim"]
[BlackTeam "Deizisau"]
[WhiteTeamCountry "GER"]
[BlackTeamCountry "GER"]

1. e4 c6 2. d4 d5 3. Nd2 dxe4 4. Nxe4 Bf5 5. Ng3 Bg6 6. Nh3 e6 7. Nf4 Qc7 8. h4 Bd6 9. Nxg6 hxg6 10. Ne4 Bf4 11. Bxf4 Qxf4 12. Ng5 Nd7 13. g3 Qf5 14. Bg2 Qa5+ 15. Qd2 Qxd2+ 16. Kxd2 Ngf6 17. a4 a5 18. Rad1 Nb6 19. b3 Rd8 20. Kc1 Nbd5 21. Kb2 0-0 22. Rhe1 Rd6 23. Re5 Ng4 24. Re2 Ngf6 25. Re5 Ra8 26. Nf3 Kf8 27. c3 Ke7 28. Re2 Rdd8 29. Ne5 Nd7 30. Nc4 N5b6 31. Ne3 Nf6 32. Kc2 Kd6 33. Bf3 Kc7 34. Ng2 Nbd5 35. Ne1 Rd7 36. Nd3 Rad8 37. Ne5 Re7 38. Nc4 Ra8 39. Kb2 Nb6 40. Ne5 Rd8 41. Kc2 Nfd7 42. Nd3 Rde8 43. Rde1 Nf6 1/2-1/2

[Event "BL2-Sued 1617"]
[Site "Germany"]
[Date "2016.11.20"]
[Round "2.6"]
[White "Kovalenko, Igor"]
[Black "Dautov, Rustem"]
[Result "1/2-1/2"]
[WhiteElo "2664"]
[BlackElo "2607"]
[PlyCount "71"]
[EventDate "2016.10.16"]
[EventType "team-tourn"]
[EventRounds "9"]
[EventCountry "GER"]
[SourceTitle "CBM 175 Extra"]
[Source "ChessBase"]
[SourceDate "2016.12.12"]
[SourceVersion "1"]
[SourceVersionDate "2016.12.12"]
[SourceQuality "1"]
[WhiteTeam "Viernheim"]
[BlackTeam "Deizisau"]
[WhiteTeamCountry "GER"]
[BlackTeamCountry "GER"]

1. c4 c6 2. Nf3 d5 3. e3 Nf6 4. Nc3 a6 5. h3 e6 6. b3 c5 7. Bb2 Nc6 8. cxd5 exd5 9. Rc1 Be6 10. Na4 Nd7 11. d4 cxd4 12. Nxd4 Bb4+ 13. Nc3 0-0 14. Be2 Nxd4 15. Qxd4 Bc5 16. Qf4 Ba7 17. Rd1 Bb8 18. Qd4 Ba7 19. Qd2 Qg5 20. 0-0 Nf6 21. Bf3 Rad8 22. Ne2 Bxh3 23. Qb4 Ne4 24. Nf4 Bg4 25. Bxg4 Qxg4 26. Rxd5 Nxf2 27. Qe7 Rxd5 28. Nxd5 Nh3+ 29. Kh1 Ng5 30. Ba3 Rc8 31. Qxb7 Qh4+ 32. Kg1 Nh3+ 33. gxh3 Qg3+ 34. Kh1 Qxh3+ 35. Kg1 Qg3+ 36. Kh1 1/2-1/2